000 00737nam a2200193 i 4500
001 188417
003 ES-MaACL
005 20250801063051.0
008 180920s1959 mx |||| | spa d
100 1 _aLeón-Portilla, Miguel
_971637
245 1 0 _aTres formas de pensamiento nahualt /
_cMiguel León-Portilla.
260 _aMéxico :
_bUniversidad Nacional de México,
_c1959.
300 _aP. 43-72 ;
_c21 cm.
490 1 _aCuadernos del Seminario de Problemas Científicos y Filosóficos ;
_vSegunda serie nº 14
650 4 _aAztecas.
_910469
830 0 _aCuadernos del Seminario de Problemas Científicos y Filosóficos ;
_vSegunda serie nº 14
_9193031
852 _aES-MaACL
_j2088-F-13
999 _c188417
_d188417